Samaj Aur Shaasan (Record no. 14482)

MARC details
000 -LEADER
fixed length control field 00594nam a2200229 a 4500
020 ## - INTERNATIONAL STANDARD BOOK NUMBER
ISBN
082 00 - DEWEY DECIMAL CLASSIFICATION NUMBER
Classification number 306
Author Cutter RAZ
100 ## - MAIN ENTRY--AUTHOR NAME
Author name Raza, Gauhat
245 ## - TITLE STATEMENT
Title Samaj Aur Shaasan
Sub title Gujarat Ek Sabak, Dharm Ka Apaharan, Dalit Ka Mudda Aur Sampradayikata
260 ## - PUBLICATION, DISTRIBUTION, ETC. (IMPRINT)
Place of publication Delhi
Name of publisher Anhad
Year of publication 2000
300 ## - PHYSICAL DESCRIPTION
Number of Pages 00p
500 ## - GENERAL NOTE
General note includes index and biblioraphy
650 ## - SUBJECT ADDED ENTRY--TOPICAL TERM
Topical Term Communalism-India
942 ## - ADDED ENTRY ELEMENTS (KOHA)
Koha item type
700 1# -
-- Raza, Gauhat
Holdings
Home library Current library Date acquired Cost, normal purchase price Full call number Accession Number Koha item type
Henry Martyn Institute Library Henry Martyn Institute Library 03/17/2008 75.00 306 RAZ 021414 Visual Materials
                   Copyright © 2026 | Henry Martyn Institute | Hyderabad | TS-500052 | INDIA | Implemented by hmi.edu.in
Hit-Count:

Powered by Koha